Guess the Movie from the Characters #2 - Statistics

General Stats
  • This quiz has been taken 60 times
  • The average score is 6 of 10
Answer Stats
Hint Answer % Correct
Simba / Scar / Mufasa / Nala Lion King
96%
LT Pete "Maverick" Mitchell / LT Tom "Iceman" Kazansky / Charlotte "Charlie" Blackwood / LTJG Nick "Goose" Bradshaw Top Gun
85%
Dorothy Gale / Scarecrow / Tin Man / Cowardly Lion The Wizard of Oz
81%
Mark Zuckerberg / Eduardo Saverin / Sean Parker / Cameron Winklevoss The Social Network
69%
Andy Dufresne / Ellis Boyd "Red" Redding / Samuel Norton / Brooks Hatlen The Shawshank Redemption
65%
Vincent Vega / Jules Winnfield / Mia Wallace / Butch Coolidge Pulp Fiction
56%
Dr. Alan Grant / Ellie Sattler / Ian Malcolm / John Hammond Jurassic Park
52%
Charles Foster Kane / Jedediah Leland / Susan Alexander Kane / Jim W. Gettys Citizen Kane
43%
Dom Cobb / Saito / Arthur / Mal Cobb Inception
19%
Bryan Mills / Kimberly "Kim" Mills / Lenore "Lenny" Mills-St John / Sam Gilroy Taken
7%
No matching quizzes found
Score Distribution
Percent of People with Each Score
Percentile by Number Answered
Your Score History
You have not taken this quiz